Guess the country of each Miss Universe titleholder - Statistics

General Stats
  • This quiz has been taken 12 times
  • The average score is 50 of 75
Answer Stats
Picture Answer % Correct
India
89%
Australia
78%
Canada
78%
Colombia
78%
Denmark
78%
Finland
78%
France
78%
India
78%
India
78%
Japan
78%
Japan
78%
Mexico
78%
Mexico
78%
Mexico
78%
New Zealand
78%
Russia (dethroned)
78%
South Africa
78%
South Africa
78%
Sweden
78%
Sweden
78%
United States
78%
United States
78%
United States
78%
United States
78%
United States
78%
United States
78%
Venezuela
78%
Venezuela
78%
Venezuela
78%
Venezuela
78%
Venezuela
78%
Venezuela
78%
Angola
67%
Botswana
67%
Brazil
67%
Brazil
67%
Chile
67%
Colombia
67%
Dominican Republic
67%
France
67%
Israel
67%
Mexico
67%
Nicaragua
67%
Panama
67%
Philippines
67%
Philippines
67%
Philippines
67%
Puerto Rico
67%
South Africa
67%
Spain
67%
Sweden
67%
Thailand
67%
Thailand
67%
Trinidad and Tobago
67%
Trinidad and Tobago
67%
United States
67%
Argentina
56%
Finland
56%
Germany
56%
Lebanon
56%
Namibia
56%
Netherlands
56%
Peru
56%
Puerto Rico
56%
Puerto Rico
56%
Puerto Rico
56%
United States
56%
Australia
44%
Greece
44%
Norway
44%
United States
44%
Canada
33%
Philippines
33%
Australia
22%
Puerto Rico
22%
No matching quizzes found
Score Distribution
Percent of People with Each Score
Percentile by Number Answered
Your Score History
You have not taken this quiz